书目信息 |
| 题名: |
以生命的名义
|
|
| 作者: | 康雪 主编 | |
| 分册: | ||
| 出版信息: | 福州 福建教育出版社 2002 |
|
| 页数: | 302页 | |
| 开本: | 20cm | |
| 丛书名: | 木犁书系 | |
| 单 册: | ||
| 中图分类: | TV213.4 | |
| 科图分类: | ||
| 主题词: | 水利资源开发 | |
| 电子资源: | ||
| ISBN: | 7-5334-3272-X | |
| 000 | 00894oam2 2200265 450 | |
| 001 | 0302218591 | |
| 005 | 20051018100833.68 | |
| 010 | @a7-5334-3272-X@dCNY19.60 | |
| 100 | @a20050222d2002 emky0chiy0110 ea | |
| 101 | 0 | @achi |
| 102 | @aCN@b350000 | |
| 105 | @ay z 000yy | |
| 200 | 1 | @a以生命的名义@9yi sheng ming de ming yi@e中国水资源问题的思考@f康雪主编@Fkang xue zhu bian |
| 210 | @a福州@c福建教育出版社@d2002 | |
| 215 | @a302页@d20cm | |
| 225 | 2 | @a木犁书系@i补天文丛 |
| 330 | @a本书收有“水,还能够载舟吗?——水资源与国家安全”、“南水北调专家谈”、“污水回用:城市的第二水源”等9篇文章。 | |
| 461 | 0 | @12001 @a木犁书系 |
| 462 | 0 | @12001 @a补天文丛 |
| 517 | 1 | @a中国水资源问题的思考@9zhong guo shui zi yuan wen ti de si kao |
| 606 | 0 | @a水利资源开发 |
| 690 | @aTV213.4@v4 | |
| 701 | 0 | @a康雪@Akang xue@4主编 |
| 801 | 0 | @aCN@bTSSF@c20051018 |
| 905 | @a10447@dTV213.4@e16 | |
| 以生命的名义:中国水资源问题的思考/康雪主编.-福州:福建教育出版社,2002 |
| 302页;20cm.-(木犁书系.补天文丛) |
| ISBN 7-5334-3272-X:CNY19.60 |
| 本书收有“水,还能够载舟吗?——水资源与国家安全”、“南水北调专家谈”、“污水回用:城市的第二水源”等9篇文章。 |
| ● |
| 相关链接 |
|
|
|
|
正题名:以生命的名义
索取号:TV213.4/16
 
预约/预借
| 序号 | 登录号 | 条形码 | 馆藏地/架位号 | 状态 | 备注 |
| 1 | 0366758 | 3667589 | 第二样本阅览室/ [索取号:TV213.4/16] | 在馆 | |
| 2 | 0366759 | 3667598 | 第三借阅区/ [索取号:TV213.4/16] | 在馆 | |
| 3 | 0366760 | 3667605 | 第三借阅区/ [索取号:TV213.4/16] | 在馆 | |
| 4 | 0366761 | 3667614 | 第三借阅区/ [索取号:TV213.4/16] | 在馆 | |
| 5 | 0366762 | 3667623 | 第三借阅区/ [索取号:TV213.4/16] | 在馆 |